| 000 | 00824nam a2200301Ia 4500 | ||
|---|---|---|---|
| 005 | 20250425161153.0 | ||
| 008 | 250425s9999 xx 000 0 und d | ||
| 020 | _a8436501288 | ||
| 041 | _aspa | ||
| 082 | _a306 | ||
| 245 | 0 | _aGUIA PARA EL ESTUDIO DE LA ANTROPOLOGIA CULTURAL | |
| 250 | _a1A ED. | ||
| 260 |
_aEspaña _bFONDO DE CULTURA ECONOMICA _c1977 |
||
| 260 |
_aMADRID _bEDICIONES F.C.E. ESPAÑA S.A. |
||
| 300 | _a179 | ||
| 500 | _aTítulo Traducido: GUIDE TO CULTURAL ANTHROPOLOGY | ||
| 650 | _aANTROPOLOGIA CULTURAL | ||
| 650 | _aFAMILIAS | ||
| 650 | _aLENGUAJE | ||
| 650 | _aMANUAL | ||
| 650 | _aMETODOS | ||
| 650 | _aORGANIZACION SOCIAL | ||
| 650 | _aSUBSISTENCIA | ||
| 650 | _aTEORIA ANTROPOLOGICA | ||
| 700 |
_aCARMEN GONZALEZ DE CHUAQUI _etraductor |
||
| 942 | _c01 | ||
| 010 | _a14266 | ||
| 999 |
_c203820 _d203820 |
||